Изучение интерметаллических соединений галлия с золотом, кобальтом и никелем методом амальгамной полярографии с накоплением; Известия Томского политехнического института [Известия ТПИ]; Т. 151

Մատենագիտական մանրամասներ
Parent link:Известия Томского политехнического института [Известия ТПИ]/ Томский политехнический институт (ТПИ).— , 1944-1976
Т. 151.— 1966.— [С. 14-20]
Հիմնական հեղինակ: Степанова О. С.
Ամփոփում:Заглавие с титульного листа
Электронная версия печатной публикации
Լեզու:ռուսերեն
Հրապարակվել է: 1966
Խորագրեր:
Առցանց հասանելիություն:Черно-белая версия для предварительного просмотра
Цветная версия без потери качества
Ձևաչափ: Էլեկտրոնային Գրքի գլուխ
KOHA link:https://koha.lib.tpu.ru/cgi-bin/koha/opac-detail.pl?biblionumber=207450

MARC

LEADER 00000nla2a2200000 4500
001 207450
005 20231031191133.0
035 |a (RuTPU)RU\TPU\book\226294 
035 |a RU\TPU\book\226292 
090 |a 207450 
100 |a 20120124d1966 k y0rusy50 ca 
101 0 |a rus 
102 |a RU 
135 |a drnn ---uucaa 
181 0 |a i  
182 0 |a b 
200 1 |a Изучение интерметаллических соединений галлия с золотом, кобальтом и никелем методом амальгамной полярографии с накоплением  |b Электронный ресурс  |f О. С. Степанова 
203 |a Текст  |c электронный 
215 |a 2 файла (293 Кб, 9.5 Мб) 
230 |a Электронные текстовые данные (2 файла : 293 Кб, 9.5 Мб) 
300 |a Заглавие с титульного листа 
300 |a Электронная версия печатной публикации 
320 |a [Библиогр.: с. 20 (17 назв.)] 
337 |a Adobe Reader 
461 1 |0 (RuTPU)RU\TPU\book\200995  |t Известия Томского политехнического института [Известия ТПИ]  |f Томский политехнический институт (ТПИ)  |d 1944-1976 
463 1 |0 (RuTPU)RU\TPU\book\226288  |t Т. 151  |v [С. 14-20]  |d 1966  |p 326 с. 
610 1 |a электронный ресурс 
610 1 |a труды учёных ТПУ 
700 1 |a Степанова  |b О. С. 
801 1 |a RU  |b 63413507  |c 20090320  |g PSBO 
801 2 |a RU  |b 63413507  |c 20120425  |g PSBO 
856 4 |u http://www.lib.tpu.ru/fulltext/v/Bulletin_TPU/1966/v151/03_bw.pdf  |z Черно-белая версия для предварительного просмотра 
856 4 |u http://www.lib.tpu.ru/fulltext/v/Bulletin_TPU/1966/v151/03_full.pdf  |z Цветная версия без потери качества 
942 |c CF